Największe miasta w Europie - Statystyki

Ogólne statystyki
  • Ten quiz został rozwiązany 667 razy
  • Średni wynik to 17 z 20
Statystyki odpowiedzi
Nr Miasto Państwo % Poprawnych
2 Moskwa Rosja
99%
5 Berlin Niemcy
98%
13 Warszawa Polska
98%
7 Kijów Ukraina
97%
6 Madryt Hiszpania
97%
10 Paryż (nie licząc aglomeracji) Francja
97%
8 Rzym Włochy
97%
16 Barcelona Hiszpania
95%
11 Mińsk Białoruś
94%
12 Wiedeń Austria
94%
3 Londyn Zjednoczone Królestwo
93%
14 Budapeszt Węgry
92%
9 Bukareszt Rumunia
91%
1 Stambuł Turcja
90%
4 Petersburg Rosja
87%
17 Monachium Niemcy
83%
19 Mediolan Włochy
81%
15 Belgrad Serbia
79%
18 Charków (stan przedwojenny) Ukraina
63%
20 Kazań Rosja
26%
Nie znaleziono quizów pasujących do podanych kryteriów
Rozkład punktacji
Procent ludzi z każdym wynikiem
Percentyl według liczby udzielonych odpowiedzi
Twoja historia wyników
Nie rozwiązałeś tego quizu